| 000 | 00405nam a2200145Ia 4500 | ||
|---|---|---|---|
| 008 | 151213s9999 xx 000 0 und d | ||
| 100 | _aMichal D. Jenkins | ||
| 245 |
_aStarting & Operating a Business in Connectivity _cMichal D. Jenkins |
||
| 260 |
_aNorthvally Drive _bOasis Press _c1992 |
||
| 300 | _a3481 p. | ||
| 650 | _aBusiness | ||
| 650 | _aBusiness | ||
| 700 | _aMichal D. Jenkins | ||
| 999 |
_c2304 _d2304 |
||